[Event "Crawley e2e4 Gatwick op U1950"]
[Site "Crawley"]
[Date "2016.02.20"]
[Round "2"]
[White "Heath, Chris W"]
[Black "Somton, Anita"]
[Result "0-1"]
[WhiteElo "1930"]
[BlackElo "1502"]
[PlyCount "45"]
[EventDate "2016.02.19"]
[EventType "swiss"]
[EventRounds "5"]
[EventCountry "ENG"]
[SourceTitle "EXT 2019"]
[Source "ChessBase"]
[SourceDate "2018.10.10"]
[SourceVersion "1"]
[SourceVersionDate "2018.10.10"]
[SourceQuality "1"]

1. e4 d5 2. exd5 Qxd5 3. Nc3 Qd6 4. d4 Nf6 5. Nge2 c6 6. Bf4 Qd8 7. Qd2 Bf5 8. 0-0-0 e6 9. Ng3 Bg6 10. h4 h6 11. Bd3 Bxd3 12. Qxd3 Bd6 13. Bxd6 Qxd6 14. Nge4 Qf4+ 15. Kb1 Nbd7 16. g3 Qc7 17. f4 0-0-0 18. Qf3 Kb8 19. Rd3 Nb6 20. Nxf6 gxf6 21. Ne4 f5 22. Nc5 Nc4 23. Rb3 0-1